000
00297nam a2200121Ia 4500
008
190216s9999||||xx |||||||||||||| ||und||
100
_a
Vaikam Muhammed Basheer
245
0
_a
Pathummayude Adu
260
_b
Poorna Pubs Kozhikode
_c
1987
300
_a
134p
650
_a
Malayalam Novel
942
_c
BK
999
_c
25644
_d
25644